| 000 | 00000nam##2200000za#4500 |
| 001 | 9.698336 |
| 003 | CaOODSP |
| 005 | 20210624235900 |
| 007 | cr ||||||||||| |
| 008 | 150407|2003||||xxc|||||o f|0| 0 eng|d |
| 040 | |aCaOODSP|beng |
| 043 | |an-cn--- |
| 086 | 1 |aH39-4/60-2003E-PDF |
| 110 | 1 |aCanada.|bHealth Canada. |bPopulation and Public Health Branch. |
| 245 | 10|aReport on PPHB Atlantic's Action Plan for Addressing the Health Issues of Acadians and Francophones in Atlantic Canada |h[electronic resource] |
| 260 | |aOttawa - Ontario : |bHealth Canada. |c[2003]. |
| 300 | |a23p. |
| 590 | |a13-19-Supp|b2013-08-14 |
| 690 | 07|aHealth policy|2gcpds |
| 775 | 08|tRapport sur le Plan d'action pour la santé des Acadiens et des francophones au Canada atlantique de la DGSPSP Atlantique |w(CaOODSP)9.642351 |
| 856 | 40|ahttp://publications.gc.ca|qPDF|s446 KB|uhttps://publications.gc.ca/collections/collection_2013/sc-hc/H39-4-60-2003-eng.pdf |